|
|
|
|
| LEADER |
00000cam a22000004a 4500 |
| 001 |
musev2_1109 |
| 003 |
MdBmJHUP |
| 005 |
20230905040156.0 |
| 006 |
m o d |
| 007 |
cr||||||||nn|n |
| 008 |
090504s2010 ctu o 00 0 eng d |
| 010 |
|
|
|z 2009018192
|
| 020 |
|
|
|a 9780819569882
|
| 020 |
|
|
|z 9780819569288
|
| 035 |
|
|
|a (OCoLC)794700678
|
| 040 |
|
|
|a MdBmJHUP
|c MdBmJHUP
|
| 050 |
0 |
4 |
|a PS3612.I516
|b S48 2010
|
| 082 |
0 |
|
|a 811/.6
|2 22
|
| 100 |
1 |
|
|a Lin, Tan,
|d 1957-
|
| 245 |
1 |
0 |
|a Seven Controlled Vocabularies and Obituary 2004. The Joy of Cooking :
|b [AIRPORT NOVEL MUSICAL POEM PAINTING FILM PHOTO HALLUCINATION LANDSCAPE] /
|c Tan Lin ; foreword, Laura Riding Jackson.
|
| 264 |
|
1 |
|a Middletown, Conn. :
|b Wesleyan University Press,
|c 2010.
|
| 264 |
|
3 |
|a Baltimore, Md. :
|b Project MUSE,
|c 2012
|
| 264 |
|
4 |
|c ©2010.
|
| 300 |
|
|
|a 1 online resource (224 pages):
|b ill. ;
|
| 336 |
|
|
|a text
|b txt
|2 rdacontent
|
| 337 |
|
|
|a computer
|b c
|2 rdamedia
|
| 338 |
|
|
|a online resource
|b cr
|2 rdacarrier
|
| 490 |
0 |
|
|a Wesleyan poetry
|
| 588 |
|
|
|a Description based on print version record.
|
| 650 |
|
0 |
|a Poetry
|z American
|y 21st century.
|
| 655 |
|
7 |
|a Electronic books.
|2 local
|
| 710 |
2 |
|
|a Project Muse.
|e distributor
|
| 830 |
|
0 |
|a Wesleyan poetry.
|
| 830 |
|
0 |
|a Book collections on Project MUSE.
|
| 856 |
4 |
0 |
|z Texto completo
|u https://projectmuse.uam.elogim.com/book/1109/
|
| 945 |
|
|
|a Project MUSE - Custom Collection
|
| 945 |
|
|
|a Project MUSE - 2010 Poetry, Fiction and Creative Non-Fiction
|
| 945 |
|
|
|a Project MUSE - 2010 Complete
|